| 000 | 01002nam2a22002411 4500 | ||
|---|---|---|---|
| 001 | RU\NLR\INFOCOMM31\1000004948 | ||
| 005 | 20250617200717.0 | ||
| 035 | _a(NLR Aleph) 003155853 | ||
| 090 |
_a3051801 _c3051801 |
||
| 100 | _a20031204d2000 |||y0rusy50 ca | ||
| 101 | 0 | _arus | |
| 102 | _aRU | ||
| 105 | _ay ||||||||| | ||
| 200 | 0 | _aТ. 45, № 4 | |
| 210 |
_d2000 _aБ. м. |
||
| 461 | 0 |
_1001RU\NLR\INFOCOMM31\1000004461 _12001#$aАнтибиотики и химиотерапия$eЕжемес. науч.-практ. журн.$fМ-во мед. и микробиол. пром-сти СССР$vТ. 45, № 4 _93051785 _cМ. _d1956 - _fМ-во мед. и микробиол. пром-сти СССР _nМедицина _oЕжемес. науч.-практ. журн. _tАнтибиотики и химиотерапия _x0235-2990 _vТ. 45, № 4 |
|
| 801 | 1 |
_aRU _bInfoComm _c20031204 |
|
| 801 | 0 |
_aRU _bNLR _gPSBO |
|
| 852 |
_aNLR _jП17/204 |
||
| 942 | _cISSUE | ||
| 980 | _aNB | ||
| 980 | _aRUSPER | ||